00550nam a2200181 a 450000100060000000300080000600500170001400800410003103500190007204000260009104100080011708200220012510000240014724500750017126000670024630000260031360000290033956798BD-RjUL20211209080432.0161204s1968 nyu||||| |||| 00| 0 eng d a(BD-RjUL)56922 aBD-RjULbengcBD-RjUL aeng 223a191bFEP 196810a Feldman, W. T.41aThe philosophy of John Dewey : ba critical analysis /c W. T.Feldman aNew York :bGreenwood Press Publisherscc1934 [Reprinted 1968] avii, 127 p. ;c21 cm. aDewey, Johnd1859-1952.